[Event "Djenovici TS03 IM Oct"]
[Site "Djenovici"]
[Date "2022.10.23"]
[Round "9"]
[White "Nikcevic, Nebojsa"]
[Black "Astanovsky, Kirill"]
[Result "1-0"]
[WhiteElo "2390"]
[BlackElo "2053"]
[PlyCount "57"]
[EventDate "2022.10.15"]
[EventType "tourn"]
[EventRounds "9"]
[EventCountry "MNE"]
[EventCategory "1"]
[SourceTitle "CBM 210 Extra"]
[Source "ChessBase"]
[SourceDate "2022.11.30"]
[SourceVersion "1"]
[SourceVersionDate "2022.11.30"]
[SourceQuality "1"]

1. c4 e5 2. Nc3 d6 3. d4 Nc6 4. Nf3 Bg4 5. d5 Nb8 6. e4 g6 7. h3 Bd7 8. c5 dxc5 9. Nxe5 Bg7 10. Nf3 Ne7 11. Be3 b6 12. Qd2 h6 13. Bc4 Bc8 14. 0-0 g5 15. e5 Ng6 16. e6 fxe6 17. Qc2 Ne7 18. Rad1 e5 19. d6 cxd6 20. Nb5 Bf5 21. Qa4 Bd7 22. Nxd6+ Kf8 23. Qb3 Nbc6 24. Bb5 Be8 25. Bxg5 hxg5 26. Nxg5 Rh6 27. Qf3+ Rf6 28. Nh7+ Kg8 29. Nxf6+ 1-0

[Event "Chigorin Memorial-B 14th"]
[Site "St Petersburg"]
[Date "2006.10.29"]
[Round "8"]
[White "Astanovsky, Kirill"]
[Black "Severiukhina, Zoja"]
[Result "0-1"]
[WhiteElo "2099"]
[BlackElo "2203"]
[PlyCount "74"]
[EventDate "2006.10.23"]
[EventType "swiss"]
[EventRounds "9"]
[EventCountry "RUS"]
[SourceTitle "EXT 2007"]
[Source "ChessBase"]
[SourceDate "2006.11.23"]
[SourceVersion "1"]
[SourceVersionDate "2006.11.23"]
[SourceQuality "1"]

1. d4 Nf6 2. c4 g6 3. Nf3 Bg7 4. g3 0-0 5. Bg2 d6 6. 0-0 Nbd7 7. Nc3 e5 8. dxe5 dxe5 9. h3 c6 10. Be3 Qe7 11. Qb3 Re8 12. Rfd1 Nf8 13. a4 a5 14. Qa3 Qb4 15. Nd2 Ne6 16. Nde4 Nxe4 17. Nxe4 Nd4 18. Qxb4 axb4 19. Nd6 Re6 20. Bxd4 exd4 21. Nxc8 Rxc8 22. Bf1 d3 23. exd3 Bxb2 24. Rab1 Bc3 25. d4 Rd6 26. d5 cxd5 27. Rxd5 Rxd5 28. cxd5 Kf8 29. d6 Rd8 30. Rd1 b3 31. Bc4 b2 32. Ba2 Ke8 33. Rd3 Bf6 34. Rb3 Rxd6 35. Rxb7 Rd1+ 36. Kg2 Ra1 37. Rb8+ Kd7 0-1

[Event "Chigorin Memorial-B 14th"]
[Site "St Petersburg"]
[Date "2006.10.27"]
[Round "6"]
[White "Astanovsky, Kirill"]
[Black "Stroganov, Anatoly"]
[Result "1-0"]
[WhiteElo "2099"]
[BlackElo "1898"]
[PlyCount "127"]
[EventDate "2006.10.23"]
[EventType "swiss"]
[EventRounds "9"]
[EventCountry "RUS"]
[SourceTitle "EXT 2007"]
[Source "ChessBase"]
[SourceDate "2006.11.23"]
[SourceVersion "1"]
[SourceVersionDate "2006.11.23"]
[SourceQuality "1"]

1. d4 Nf6 2. c4 e6 3. Nf3 Bb4+ 4. Bd2 Na6 5. g3 Be7 6. Nc3 c6 7. Bg2 d5 8. 0-0 0-0 9. Bc1 Nc7 10. b3 Nce8 11. Bb2 Nd6 12. Nd2 Qc7 13. Rc1 Qa5 14. a3 Qa6 15. e3 Re8 16. Qe2 Bf8 17. f4 g6 18. Rfe1 Bg7 19. Bf3 Bd7 20. g4 Kf8 21. a4 Rad8 22. Ba3 Bc8 23. Red1 Kg8 24. g5 Nfe4 25. Ndxe4 dxe4 26. Nxe4 Nxe4 27. Bxe4 f6 28. h4 Rd7 29. Qc2 f5 30. Bf3 Bf8 31. Bxf8 Kxf8 32. Qc3 Qb6 33. Rd2 Rde7 34. b4 a6 35. Rh2 Rf7 36. h5 Ke7 37. hxg6 hxg6 38. Kg2 Kd8 39. Rch1 Qc7 40. Rh6 Rg8 41. Rh8 Rfg7 42. a5 Qe7 43. R8h6 Bd7 44. Qe1 Kc7 45. c5 Be8 46. R1h3 Bf7 47. Rh7 Qf8 48. Qh4 Rxh7 49. Qxh7 Rg7 50. Qh6 Bg8 51. Qh8 Qf7 52. Qh4 Rh7 53. Qg3 Rg7 54. Be2 Qe7 55. Bc4 Kb8 56. Rh8 Kc7 57. Qh4 Qd7 58. Qe1 Qf7 59. e4 Rh7 60. Rxh7 Qxh7 61. exf5 exf5 62. Qe5+ Kc8 63. Qe8+ Kc7 64. Qxg8 1-0

[Event "St Petersburg Autumn op"]
[Site "St Petersburg"]
[Date "2005.11.06"]
[Round "9"]
[White "Senkevich, Konstantin"]
[Black "Astanovsky, Kirill"]
[Result "1-0"]
[WhiteElo "2002"]
[BlackElo "2118"]
[PlyCount "131"]
[EventDate "2005.10.29"]
[EventType "swiss"]
[EventRounds "9"]
[EventCountry "RUS"]
[SourceTitle "EXT 2006"]
[Source "ChessBase"]
[SourceDate "2005.11.24"]
[SourceVersion "1"]
[SourceVersionDate "2005.11.24"]
[SourceQuality "1"]

1. e4 c5 2. Nf3 Nc6 3. g3 g6 4. Bg2 Bg7 5. 0-0 d6 6. c3 Nf6 7. d4 0-0 8. Re1 cxd4 9. cxd4 d5 10. e5 Ne8 11. Nc3 Nc7 12. Be3 h6 13. Qd2 Kh7 14. Rac1 Na5 15. b3 Bd7 16. Qb2 e6 17. Rc2 Qe7 18. Rec1 Rfc8 19. Bd2 b6 20. Bf1 Qe8 21. Nb1 Nc6 22. h4 a5 23. h5 Na6 24. hxg6+ fxg6 25. Nh4 Ne7 26. a3 Nf5 27. Nxf5 gxf5 28. Rxc8 Bxc8 29. Qc3 Bd7 30. Qd3 Nb8 31. Kg2 Nc6 32. Be2 Rc8 33. Rh1 Ne7 34. Bh5 Qf8 35. Nc3 Be8 36. Bxe8 Qxe8 37. Ne2 Ng6 38. Qf3 Rc2 39. Qd3 Rc8 40. Be3 Rc7 41. Qd2 Qf8 42. Ng1 f4 43. Bxf4 Nxf4+ 44. Qxf4 Rf7 45. Qe3 Qxa3 46. Nf3 Kg8 47. Nh4 Qe7 48. Qd3 Qd7 49. Ng6 b5 50. Nf4 Rf5 51. Qd2 a4 52. bxa4 bxa4 53. Nh5 a3 54. Nxg7 Qxg7 55. Rxh6 a2 56. Rh1 Qg4 57. f4 Rg5 58. fxg5 Qe4+ 59. Kh2 Qxh1+ 60. Kxh1 a1Q+ 61. Kg2 Qb1 62. Qe2 Qf5 63. Qe3 Kg7 64. Qf4 Qc2+ 65. Kh3 Kh7 66. Kg4 1-0

[Event "St Petersburg Autumn op"]
[Site "St Petersburg"]
[Date "2005.10.29"]
[Round "1"]
[White "Karasev, Vladimir I"]
[Black "Astanovsky, Kirill"]
[Result "1/2-1/2"]
[WhiteElo "2383"]
[BlackElo "2118"]
[PlyCount "133"]
[EventDate "2005.10.29"]
[EventType "swiss"]
[EventRounds "9"]
[EventCountry "RUS"]
[SourceTitle "EXT 2006"]
[Source "ChessBase"]
[SourceDate "2005.11.24"]
[SourceVersion "1"]
[SourceVersionDate "2005.11.24"]
[SourceQuality "1"]

1. Nf3 Nf6 2. c4 e6 3. b3 d5 4. Bb2 Nbd7 5. e3 Be7 6. Qc2 c6 7. Be2 b6 8. g4 0-0 9. g5 Ne4 10. h4 Re8 11. Nc3 Nxc3 12. Qxc3 Bf8 13. cxd5 cxd5 14. Rc1 Bb7 15. Qc7 Qxc7 16. Rxc7 Nc5 17. Be5 Rec8 18. Rxc8 Rxc8 19. 0-0 Ba6 20. Bxa6 Nxa6 21. Nd4 Nb4 22. a4 Nd3 23. Bg3 a6 24. h5 Bb4 25. g6 hxg6 26. hxg6 e5 27. gxf7+ Kxf7 28. Nf3 Kf6 29. Kg2 Rh8 30. Ne1 Nxe1+ 31. Rxe1 Rc8 32. Rd1 Rc2 33. d4 e4 34. Be5+ Kg6 35. Rg1 Bf8 36. Kg3 Rb2 37. Rc1 Rxb3 38. Rc8 Kf7 39. Rc7+ Ke6 40. Ra7 a5 41. Rb7 g6 42. Rc7 Rb4 43. Rc6+ Kd7 44. Rxg6 Rxa4 45. Rxb6 Ra2 46. f4 exf3 47. Kxf3 a4 48. e4 dxe4+ 49. Kxe4 a3 50. Kd5 Rb2 51. Ra6 Rb5+ 52. Kc4 Rb4+ 53. Kc3 Rb5 54. Kc4 Rb4+ 55. Kd5 Rb5+ 56. Ke4 Bb4 57. d5 Ra5 58. Rb6 Ra4 59. Kf5 a2 60. Rb7+ Kc8 61. Rc7+ Kd8 62. Rc1 Kd7 63. Rh1 Ra5 64. Ke4 Ra4 65. Kd3 Be7 66. Ra1 Ra5 67. Kc4 1/2-1/2